<?xml version="1.0" encoding="UTF-8"?><?xml-stylesheet type="text/xsl" href="static/style.xsl"?><OAI-PMH xmlns="http://www.openarchives.org/OAI/2.0/" xmlns:xsi="http://www.w3.org/2001/XMLSchema-instance" xsi:schemaLocation="http://www.openarchives.org/OAI/2.0/ http://www.openarchives.org/OAI/2.0/OAI-PMH.xsd"><responseDate>2026-06-07T05:49:34Z</responseDate><request verb="GetRecord" identifier="oai:riuma.uma.es:10630/29685" metadataPrefix="marc">https://riuma.uma.es/rest/oai/request</request><GetRecord><record><header><identifier>oai:riuma.uma.es:10630/29685</identifier><datestamp>2026-02-03T11:08:10Z</datestamp><setSpec>com_10630_2254</setSpec><setSpec>col_10630_37953</setSpec></header><metadata><record xmlns="http://www.loc.gov/MARC21/slim" xmlns:dcterms="http://purl.org/dc/terms/" xmlns:doc="http://www.lyncode.com/xoai" xmlns:xsi="http://www.w3.org/2001/XMLSchema-instance" xsi:schemaLocation="http://www.loc.gov/MARC21/slim http://www.loc.gov/standards/marcxml/schema/MARC21slim.xsd">
   <leader>00925njm 22002777a 4500</leader>
   <datafield ind2=" " ind1=" " tag="042">
      <subfield code="a">dc</subfield>
   </datafield>
   <datafield ind2=" " ind1=" " tag="720">
      <subfield code="a">Cebrián-Robles, Daniel</subfield>
      <subfield code="e">author</subfield>
   </datafield>
   <datafield ind2=" " ind1=" " tag="260">
      <subfield code="c">2019</subfield>
   </datafield>
   <datafield ind2=" " ind1=" " tag="520">
      <subfield code="a">La creciente aparición de noticias falsas en internet es una de las preocupaciones internacionales, pues el sensacionalismo, la tergiversación, la falta de pruebas, la veracidad o desinformación de muchas noticias, requiere de una formación especial en la identificación de tales falacias. La formación inicial de docentes es una de las estrategias para prevenir y preparar a la ciudadanía hacia un mayor compromiso y pensamiento crítico. En este trabajo se presenta una actividad de identificación de noticias falsas por estudiantes del grado de Primaria (de ahora en adelante EGP), donde se analiza además las creencias epistemológicas que tienen sobre la ciencia y la tecnología, y cómo éstas pueden ayudar o no al desempeño de las actividades formativas. Con una muestra de 38 EGP se observa que los estudiantes con un pensamiento evaluador pudieron identificar por igual las diferentes tipologías de noticias falsas, mientras que los que tenían un pensamiento absolutista o multiplicista tuvieron más dificultades para identificar las noticias tergiversadas y/o con falta de pruebas. Igualmente se presenta una metodología con la herramienta hypothes.is que permite de forma online la citación y creación de anotaciones en páginas web sobre publicaciones falsas.</subfield>
   </datafield>
   <datafield ind1="8" ind2=" " tag="024">
      <subfield code="a">Cebrián-Robles, D. (2019). Identificación de noticias falsas sobre ciencia y tecnología por estudiantes del grado de primaria. Pixel-Bit - Revista de Medios y Educación, 55, pp. 23-36. ISSN: 1133-8482.</subfield>
   </datafield>
   <datafield ind1="8" ind2=" " tag="024">
      <subfield code="a">https://hdl.handle.net/10630/29685</subfield>
   </datafield>
   <datafield ind1="8" ind2=" " tag="024">
      <subfield code="a">10.12795/pixelbit.2019.i55.02</subfield>
   </datafield>
   <datafield tag="653" ind2=" " ind1=" ">
      <subfield code="a">Periodismo - Estudio y enseñanza</subfield>
   </datafield>
   <datafield ind2="0" ind1="0" tag="245">
      <subfield code="a">Identificación de noticias falsas sobre ciencia y tecnología por estudiantes del grado de Primaria</subfield>
   </datafield>
</record>
</metadata></record></GetRecord></OAI-PMH>